00814cam a2200193 i 450000500170000000800410001704000310005804100130008908200190010210000450012124501590016626000350032530000550036049000440041550400420045954600350050165000230053665000610055920200104041735.0930915s1991 ck ab b 000 0 spa d aMoSBcDLCdDLCdCO-BoIAVH 0 aspabeng04a381.437bR69b 1 aRodríguez Fernández, Carlos Alberto.10aBagres, malleros y cuerderos en el bajo Río Caquetá bcommercial fisheries in the lower Caqueta River /cpor Carlos Alberto Rodríguez Fernández.  aBogotá : bTropenbos,c1991. a152 páginas : bilustraciones y mapas ; c24 cm.0 aEstudios en la Amazonia colombiana ;v2 aIncluye referencias bibliográficas. aTexto en español e inglès.14aIndustria pesquera24aIndustria pesqueraxAdministraciónzCaqueta (Colombia)